〈原神〉命ノ星座からキャラを当てる - Statistics

General Stats
  • This quiz has been taken 126 times
  • The average score is 38 of 95
Answer Stats
命ノ星座 キャラクター % Correct
岩王帝君座 鍾離
100%
知恵の主座 ナヒーダ
90%
原海リヴァイアサン座 ヌヴィレット
83%
天下人座 雷電将軍
81%
不敗の日輪座 マーヴィカ
81%
紅葉座 楓原万葉
70%
空鯨座 タルタリヤ
67%
旅人座 旅人
67%
歌仙座 ウェンティ
61%
閑鶴座 閑雲
61%
狼座 レザー
60%
頌歌者座 フリーナ
59%
天ノ牛座 荒瀧一斗
57%
フェネック座 ティナリ
54%
獏枕座 夢見月瑞希
54%
糸切鋏座 千織
54%
子猫座 ディオナ
54%
彼岸蝶座 胡桃
53%
黒斑猫座 リネ
53%
白尾猫座 リネット
51%
野薔薇座 ナヴィア
51%
四つ葉座 クレー
51%
仙狐座 八重神子
51%
白亜の申し子座 アルベド
51%
柴犬座 ゴロー
50%
仙麟座 甘雨
50%
獄守犬座 リオセスリ
50%
浪客座 放浪者
49%
フラスコ座 スクロース
49%
ナミアザラシ座 ムアラニ
49%
刀銃座 シュヴルーズ
46%
レイピア座 クロリンデ
46%
幻ノ鴉座 フィッシュル
44%
マンティコア座 ディシア
43%
南天海山座 北斗
43%
子貉座 早柚
41%
睡蓮座 ニィロウ
41%
ナキウサギ座 カチーナ
41%
小兎座 アンバー
41%
チスイコウモリ座 オロルン
41%
ランプ座 ドリー
41%
睡竜座 珊瑚宮心海
40%
金翼鵬王座
40%
雪鶴座 神里綾華
40%
法獣座 煙緋
39%
ポムム・ドゥ・アンブラ座 エミリエ
37%
浄煉の炎座 アルレッキーノ
37%
夜梟座 ディルック
37%
矢盾座 キャンディス
36%
孔雀羽座 ガイア
36%
金狼座 セノ
36%
オートマタ座 フレミネ
34%
紅檀四弦座 辛炎
33%
砂時計座 リサ
33%
映天座 モナ
33%
隼座 アルハイゼン
33%
神守柏座 神里綾人
33%
真実明鏡座 シャルロット
31%
心護座 ノエル
30%
琉金座 宵宮
30%
キメラ・アレブリヘス座 キィニチ
30%
錦織座 行秋
30%
煩悩刈座 久岐忍
30%
アナワトルの鏡座 シトラリ
29%
醒獅座 嘉明
29%
羽団扇座 九条裟羅
29%
仔獅子座 ジン
29%
箱筥座 綺良々
29%
オセロット座 シロネン
29%
極楽鳥座 カーヴェ
27%
懸壺座 白朮
26%
波沫座 エウルア
26%
璣衡儀座 凝光
26%
幽客座 夜蘭
26%
サーバル座 コレイ
26%
木犀座 ヨォーヨ
24%
子鹿座 鹿野院平蔵
24%
荊冠座 ロサリア
24%
ネレイス座 シグウィン
24%
玄鳥座 藍硯
24%
岐路座 ベネット
23%
紫金錘重座 刻晴
23%
金杯座 バーバラ
23%
ヴァルチャー・グリフィス座 チャスカ
23%
赤楯座 トーマ
23%
夜鶯座 レイラ
21%
長杓座 香菱
21%
法鈴座 七七
21%
乾坤鋒座 重雲
21%
森鳩座 ミカ
20%
藤蔓の花飾座 ファルザン
20%
虹章座 雲菫
19%
バシレウス・デルタ座 セトス
17%
ノラの義勇兵座 アーロイ
17%
愁疏座 申鶴
16%
No matching quizzes found
Score Distribution
Percent of People with Each Score
Percentile by Number Answered
Your Score History
You have not taken this quiz